[Event "Staatsliga 1991/92"]
[Site "masterchessopen.com - Austria"]
[Round "8"]
[White "Tscholowitsch Christian (AUT)"]
[Black "Haberberger Ernst (AUT)"]
[Result "1-0"]
[WhiteElo "2158"]
[BlackElo "2065"]

1.d4 f5 2.Nf3 Nf6 3.g3 e6 4.Bg2 Be7 5.O-O O-O 6.c4 Ne4 7.Qc2 Bf6 8.Nc3 d5
9.Bf4 c6 10.Rad1 Qe7 11.Be5 Nd7 12.Bxf6 Qxf6 13.Nd2 Nd6 14.b3 Kh8 15.Kh1 b6
16.f3 dxc4 17.Nxc4 Nxc4 18.bxc4 e5 19.e3 exd4 20.exd4 f4 21.Ne4 Qh6 22.Rfe1
Nf6 23.Nxf6 fxg3 24.Qxh7+ Qxh7 25.Nxh7 Kxh7 26.hxg3 Ba6 27.c5 Bc4 28.f4 Bxa2
29.Bxc6 Rad8 30.Be4+ Kg8 31.c6 Bd5 32.Bxd5+ Rxd5 33.Re5 Rd6 34.d5 Rc8 35.Ra1
Rc7 36.Kg2 g6 37.Kf3 Kf7 38.Ke4 b5 39.Ra5 {#r} 1-0

[Event "It"]
[Site "masterchessopen.com - Caciulata (Romania)"]
[Round "0"]
[White "Ionescu Constantin (ROM)"]
[Black "Lupu Mircea-Sergiu (FRA)"]
[Result "1-0"]
[WhiteElo "2480"]
[BlackElo "2437"]

1.d4 e6 2.c4 f5 3.g3 Nf6 4.Bg2 Be7 5.Nf3 O-O 6.O-O Ne4 7.Nbd2 Nxd2 8.Bxd2 d6
9.Qc2 Bf6 10.e4 fxe4 11.Qxe4 Nc6 12.Bc3 d5 13.Qe2 Ne7 14.Bb4 a5 15.Bxe7 Qxe7
16.Rfe1 Qb4 17.Rac1 dxc4 18.Rxc4 Qd6 19.Ne5 Ra6 20.Qc2 c6 21.h4 b5 22.Rc5 Qxd4
23.Rxc6 Bb7 24.Rxa6 Bxg2 25.Kxg2 Qxb2 26.Qxb2 {#r} 1-0

[Event "Memorial M.Tal"]
[Site "masterchessopen.com - Moscow (Russia)"]
[Round "20"]
[White "Nikolaev Sergej (RUS)"]
[Black "Marszalek Rafal (POL)"]
[Result "1-0"]
[WhiteElo "2375"]
[BlackElo "2200"]

1.d4 e6 2.c4 f5 3.Nf3 Nf6 4.g3 Be7 5.Bg2 O-O 6.O-O Ne4 7.Qc2 Bf6 8.d5 Na6
9.Nc3 Nac5 10.Be3 Qe7 11.Nxe4 Nxe4 12.Nd4 Ng5 13.Nb5 d6 14.Nxa7 Bd7 15.dxe6
Nxe6 16.Nb5 c6 17.Nc3 f4 18.Bd2 Be5 19.Ne4 Ng5 20.Nxg5 Qxg5 21.Qb3 Bc8 22.c5+
Kh8 23.cxd6 Bxd6 24.Bb4 Bxb4 25.Qxb4 Bg4 26.Rfe1 fxg3 27.hxg3 Qf5 28.f3 Bh5
29.g4 Qe5 30.gxh5 Qe3+ 31.Kf1 Rf5 32.Qc3 Qf4 33.Red1 Rxh5 34.Rd7 Qg3 35.Rad1
h6 36.Rd8+ Rxd8 37.Rxd8+ Kh7 38.Qd3+ {#r} 1-0

[Event "It (open)"]
[Site "masterchessopen.com - Police (Poland)"]
[Round "10"]
[White "Koutsin Sergey (UKR)"]
[Black "Bockowski Ryszard (POL)"]
[Result "1-0"]
[WhiteElo "2481"]
[BlackElo "2264"]

1.d4 f5 2.g3 Nf6 3.Bg2 e6 4.Nf3 Be7 5.O-O O-O 6.c4 Ne4 7.Nbd2 Bf6 8.Qc2 d5
9.b3 c5 10.cxd5 exd5 11.Bb2 cxd4 12.Nxd4 Qb6 13.e3 Nc6 14.N2f3 a5 15.Rfd1 Nb4
16.Qb1 Bd7 17.a3 Nc6 18.Qa2 Ne7 19.Rac1 Rac8 20.Bf1 g5 21.Ne2 f4 22.Rxc8 Bxc8
23.gxf4 gxf4 24.Nxf4 Nxf2 25.Bxf6 Nxd1 26.Qg2+ Ng6 27.Bd4 Nxe3 28.Bxb6 Nxg2
29.Nxg6 hxg6 30.Bxg2 a4 31.bxa4 Rf6 32.a5 Rf4 33.Nd4 Rg4 34.Kf2 Rg5 35.Bc7 Kf7
36.Bf4 {#r} 1-0

[Event "Tournament (2)"]
[Site "masterchessopen.com - Aarhus (Denmark)"]
[Round "4"]
[White "Holst Per (DEN)"]
[Black "Sobjerg Erik (DEN)"]
[Result "0-1"]
[WhiteElo "2115"]
[BlackElo "2285"]

1.Nf3 f5 2.d4 Nf6 3.g3 e6 4.Bg2 Be7 5.O-O O-O 6.c4 Ne4 7.Nbd2 Bf6 8.Qc2 d5
9.b3 Nc6 10.Bb2 Bd7 11.Ne5 a5 12.Ndf3 a4 13.Rad1 Qe7 14.Nxc6 Bxc6 15.Ne5 axb3
16.axb3 Bxe5 17.dxe5 dxc4 18.Qxc4 Rfd8 19.Rxd8+ Rxd8 20.Ra1 Bd5 21.Qb5 Qc5
22.Qxc5 Nxc5 23.b4 Bxg2 24.bxc5 Bc6 25.Bc3 Rd5 26.Ba5 Rxe5 27.Bxc7 Rxc5 28.f4
Rc2 29.Kf2 Bb5 30.Be5 Rxe2+ 31.Kf3 g5 32.h3 h5 33.g4 gxf4 34.Kxf4 Re4+ 35.Kg5
Kf7 36.Bf6 hxg4 37.Ra8 gxh3 38.Bc3 h2 {#R} 0-1

[Event "It (open)"]
[Site "masterchessopen.com - Harkany (Hungary)"]
[Round "0"]
[White "Fancsy Imre (HUN)"]
[Black "Chetverik Maxim (RUS)"]
[Result "0-1"]
[WhiteElo "2382"]
[BlackElo "2275"]

1.Nf3 f5 2.d4 Nf6 3.g3 e6 4.Bg2 Bb4+ 5.c3 Be7 6.O-O O-O 7.c4 Ne4 8.b3 Bf6
9.Bb2 Qe7 10.Nbd2 d5 11.Ne5 Rd8 12.f4 Bxe5 13.fxe5 Nc6 14.Bxe4 dxe4 15.e3 Qg5
16.Qe1 a5 17.a3 Ne7 18.Qf2 Bd7 19.a4 Bc6 20.Kh1 Ng6 21.Rg1 Rd7 22.Rg2 Rad8
23.Rd1 b6 24.Qe2 Bb7 25.Bc3 Qe7 26.Rf1 c5 27.Ra1 cxd4 28.exd4 Rxd4 29.Bxd4
Rxd4 30.Nf1 Nxe5 31.Ne3 Rd3 32.Rb1 Qc5 33.Re1 Rxb3 34.h3 Qd4 {#R} 0-1

[Event "It (open)"]
[Site "masterchessopen.com - Nagykanizsa (Hungary)"]
[Round "0"]
[White "Kustar Sandor (HUN)"]
[Black "Chetverik Maxim (RUS)"]
[Result "1-0"]
[WhiteElo "2360"]
[BlackElo "2315"]

1.Nf3 f5 2.c4 Nf6 3.g3 e6 4.Bg2 Be7 5.O-O O-O 6.d4 Ne4 7.Qb3 Bf6 8.Rd1 Kh8
9.Nc3 Nxc3 10.Qxc3 d5 11.Bf4 c6 12.b4 Bd7 13.a4 Na6 14.Bd6 Be7 15.Bxe7 Qxe7
16.Rab1 Nc7 17.Ne5 Ne8 18.b5 Nd6 19.cxd5 cxd5 20.Qc7 Rad8 21.e3 Kg8 22.Rdc1
Rfe8 23.Qa5 Ra8 24.Rc7 Red8 25.Qb4 Kf8 26.Rbc1 a6 27.bxa6 bxa6 28.Nc6 {#r} 1-0

[Event "It (open)"]
[Site "masterchessopen.com - Zalakaros (Hungary)"]
[Round "0"]
[White "Konopka Michal (CZE)"]
[Black "Chetverik Maxim (RUS)"]
[Result "0-1"]
[WhiteElo "2455"]
[BlackElo "2315"]

1.Nf3 f5 2.d4 Nf6 3.g3 e6 4.Bg2 Be7 5.O-O O-O 6.c4 Ne4 7.b3 Bf6 8.Bb2 Qe7
9.Nbd2 d5 10.Qc2 Rd8 11.e3 Na6 12.a3 c5 13.Rfd1 Bd7 14.Ne5 Rac8 15.Ndf3 Be8
16.Rac1 Bh5 17.cxd5 exd5 18.Re1 Bxf3 19.Nxf3 cxd4 20.Qxc8 dxe3 21.Qc2 exf2+
22.Qxf2 Nxf2 23.Rxe7 Bxb2 24.Rc2 Bxa3 25.Rxb7 Ne4 26.Ne5 Bc5+ 27.Kf1 d4 28.Nd3
Bb6 29.b4 h6 30.Re7 Nc3 31.Rf2 Nc7 32.Ke1 N7d5 33.Bxd5+ Nxd5 34.Re5 Ne3 35.Re2
Rc8 36.Nc5 a5 37.Rd2 axb4 38.Nd7 Ba7 39.Ra5 Rc7 40.Rda2 b3 {#R} 0-1

[Event "It (cat.8)"]
[Site "masterchessopen.com - Aalborg (Denmark)"]
[Round "1"]
[White "Lyrberg Patrik (SWE)"]
[Black "Kristiansen Jens (DEN)"]
[Result "1-0"]
[WhiteElo "2400"]
[BlackElo "2455"]

1.d4 f5 2.Nf3 Nf6 3.g3 e6 4.Bg2 Be7 5.O-O O-O 6.c4 Ne4 7.Nbd2 d5 8.Ne5 Nd7
9.Ndf3 c6 10.b3 Qe8 11.Nd3 b6 12.Nfe5 Nxe5 13.Nxe5 Ba6 14.f3 Nd6 15.Ba3 dxc4
16.f4 Rc8 17.Rc1 c5 18.d5 cxb3 19.dxe6 Qa4 20.Bb2 Qxa2 21.Qd2 Qa5 22.Bc3 Qb5
23.Rfe1 Rfd8 24.Nd7 Rxd7 25.exd7 Qxd7 26.e4 fxe4 27.Bxe4 Rd8 28.Rcd1 Bb7
29.Bd5+ Kh8 30.Qe2 Bf8 31.Bxb3 Qc7 32.Bd5 Re8 33.Be5 Bxd5 34.Rxd5 Qc6 35.Rxd6
Bxd6 36.Bxg7+ Kxg7 37.Qxe8 Qxe8 38.Rxe8 c4 39.Kf1 a5 40.Ke2 {#r} 1-0

[Event "n) (b"]
[Site "masterchessopen.com - Eger (Hungary)"]
[Round "0"]
[White "Pesztericz Laszlo (HUN)"]
[Black "Chetverik Maxim (RUS)"]
[Result "0-1"]
[WhiteElo "2130"]
[BlackElo "2305"]

1.d4 f5 2.c4 Nf6 3.Nf3 e6 4.g3 Be7 5.Bg2 O-O 6.O-O Ne4 7.Nc3 Nxc3 8.bxc3 Kh8
9.Ne5 d6 10.Nd3 Nc6 11.e3 Qe8 12.Ba3 Rb8 13.c5 Na5 14.cxd6 cxd6 15.Rb1 b6
16.e4 fxe4 17.Bxe4 Ba6 18.Re1 Qf7 19.f4 Rbc8 20.Bb4 Rc7 21.Rb2 Nc4 22.Rbe2 Bc8
23.Nb2 a5 24.Nxc4 axb4 25.Nxb6 Ba6 26.cxb4 Bxe2 27.Qxe2 d5 28.Bb1 Bxb4 29.Na4
{#R} 0-1

[Event "Ch France (team)"]
[Site "masterchessopen.com - France"]
[Round "4"]
[White "Szabolcsi Janos (HUN)"]
[Black "Bleunven Andre (FRA)"]
[Result "1-0"]
[WhiteElo "2475"]
[BlackElo "2226"]

1.d4 f5 2.g3 Nf6 3.Bg2 e6 4.Nf3 Be7 5.O-O O-O 6.c4 Ne4 7.Qc2 Bf6 8.b3 Nc6 9.e3
a5 10.a3 d6 11.Bb2 e5 12.Rd1 Qe8 13.dxe5 dxe5 14.Ne1 Nc5 15.Nc3 e4 16.Nd5 Bd8
17.b4 Nd7 18.g4 fxg4 19.Bxe4 Qh5 20.Nf4 Rxf4 21.exf4 Bf6 22.b5 Ne7 23.Bg2 Bxb2
24.Qxb2 Qe8 25.Nd3 Nf6 26.Re1 Qf8 27.Qe5 Ng6 28.Qxc7 Bf5 29.Ne5 Nxf4 30.Nd7
Nh3+ 31.Bxh3 Bxd7 32.Bg2 Rc8 33.Qf4 {#r} 1-0

[Event "Bayern Oberliga"]
[Site "masterchessopen.com - Germany"]
[Round "2"]
[White "Olbrich Marina (GER)"]
[Black "Wach Markus (AUT)"]
[Result "0-1"]
[WhiteElo "2285"]
[BlackElo "2380"]

1.d4 f5 2.Nf3 Nf6 3.g3 e6 4.Bg2 Be7 5.O-O O-O 6.c4 Ne4 7.Nfd2 d5 8.Nxe4 fxe4
9.Nc3 c6 10.Qb3 Kh8 11.Be3 Nd7 12.f3 exf3 13.exf3 Nb6 14.c5 Nc4 15.Rfe1 e5
16.Bf2 Bf6 17.Rad1 exd4 18.Bxd4 Bxd4+ 19.Rxd4 Qa5 20.Rxc4 dxc4 21.Qxc4 Qd8
22.Ne4 Qe7 23.Qc3 Re8 24.Rd1 Qf8 25.Nd6 Re7 26.Rd4 Be6 27.Rf4 Qd8 28.Bf1 b6
29.Re4 Bd5 30.Rg4 Qd7 31.Bh3 Be6 32.Rh4 Bxh3 33.g4 bxc5 34.Qc2 h6 35.Nf5 Qe6
36.Rxh3 Qe1+ {#R} 0-1

[Event "It"]
[Site "masterchessopen.com - Mondariz (Spain)"]
[Round "0"]
[White "Miguel Lago Victor (ESP)"]
[Black "Del Rio Angelis Salvador G (ESP)"]
[Result "1-0"]
[WhiteElo "2255"]
[BlackElo "2365"]

1.Nf3 f5 2.d4 Nf6 3.g3 e6 4.Bg2 Be7 5.O-O O-O 6.c4 Ne4 7.d5 Bf6 8.Nfd2 Nxd2
9.Qxd2 e5 10.d6 cxd6 11.Nc3 Nc6 12.Nb5 Be7 13.Nxd6 Rf6 14.c5 Bxd6 15.cxd6 Qa5
16.Qxa5 Nxa5 17.Rd1 Rb8 18.Bg5 Rg6 19.Be7 {#r} 1-0

[Event "Verbandsliga North 1995/96"]
[Site "masterchessopen.com - Germany"]
[Round "7"]
[White "Walther Cliff (GER)"]
[Black "Junker Reiner (GER)"]
[Result "1-0"]
[WhiteElo "2191"]
[BlackElo "2253"]

1.d4 f5 2.g3 Nf6 3.Bg2 e6 4.Nf3 Be7 5.O-O O-O 6.c4 Ne4 7.Nbd2 Bf6 8.Qc2 d5
9.b3 Nc6 10.Ba3 Rf7 11.Rad1 Bd7 12.e3 g5 13.Ne1 Be8 14.Nd3 Rg7 15.Nxe4 dxe4
16.Nc5 Qc8 17.f3 Bh5 18.fxe4 Bxd1 19.Qxd1 Kh8 20.d5 exd5 21.exd5 Ne7 22.Ne6
Rg6 23.e4 Qd7 24.exf5 Rh6 25.Qd2 Rg8 26.Bb2 Nc8 27.h4 gxh4 28.Qxh6 Bxb2
29.Qxh4 Nd6 30.f6 Nf7 31.Be4 h6 32.Kg2 Be5 33.g4 c6 34.Rh1 Bf4 35.Qh5 Bd2
36.Bg6 {#r} 1-0

[Event "It (open)"]
[Site "masterchessopen.com - Toscolano (Italy)"]
[Round "9"]
[White "Cebalo Miso (CRO)"]
[Black "Corvi Marco (ITA)"]
[Result "1-0"]
[WhiteElo "2515"]
[BlackElo "2185"]

1.Nf3 f5 2.d4 Nf6 3.g3 e6 4.Bg2 Be7 5.c4 O-O 6.O-O Ne4 7.Nbd2 Bf6 8.Qc2 d5
9.b3 c6 10.Ba3 Re8 11.e3 Qa5 12.Bb2 Nxd2 13.Nxd2 Nd7 14.a3 Nf8 15.b4 Qd8 16.b5
Bd7 17.a4 Rc8 18.Qb3 Rc7 19.Rfc1 Bc8 20.Rc2 Ree7 21.Rac1 dxc4 22.Nxc4 Red7
23.bxc6 bxc6 24.Na5 c5 25.Rxc5 Rxc5 26.Rxc5 Ba6 27.Nc6 Qb6 28.Qc2 Bd3 29.a5
Qa6 30.Qa4 Be4 31.Bxe4 {#r} 1-0

[Event "It (open)"]
[Site "masterchessopen.com - Wattens (Austria)"]
[Round "5"]
[White "Duer Werner (AUT)"]
[Black "Kranewitter Norbert (AUT)"]
[Result "1-0"]
[WhiteElo "2310"]
[BlackElo "2106"]

1.d4 f5 2.Nf3 Nf6 3.g3 e6 4.Bg2 Be7 5.c4 Ne4 6.O-O O-O 7.Nfd2 d5 8.f3 Nxd2
9.Nxd2 Bf6 10.e3 b6 11.cxd5 exd5 12.f4 Bb7 13.Nf3 Na6 14.Ne5 c5 15.b3 Rc8
16.Ba3 Nb4 17.dxc5 bxc5 18.Bxb4 cxb4 19.Qd4 Qa5 20.Rfd1 Rfd8 21.Rd2 Rc3
22.Rad1 Be7 23.Nd3 Ba6 24.Qe5 Bf6 25.Qe6+ Kh8 26.Ne5 Bxe5 27.Qxe5 Bb7 28.Qxf5
Rxe3 29.Be4 Rxe4 30.Qxe4 Qb6+ 31.Qd4 Qxd4+ 32.Rxd4 a5 33.Rc1 h6 34.Rc7 Rb8
35.f5 Kh7 36.Rg4 {#r} 1-0

[Event "Ch Romania (team) (2 liga)"]
[Site "masterchessopen.com - Romania"]
[Round "4"]
[White "Nacu Miron (ROM)"]
[Black "Chiricuta Marius (ROM)"]
[Result "0-1"]
[WhiteElo "2170"]
[BlackElo "2255"]

1.d4 f5 2.g3 Nf6 3.Bg2 e6 4.Nf3 Be7 5.O-O O-O 6.c4 Ne4 7.Nbd2 Nxd2 8.Qxd2 d5
9.Ne5 c6 10.b4 Nd7 11.b5 Nxe5 12.dxe5 Qc7 13.cxd5 cxd5 14.Bb2 Qb6 15.a4 Bc5
16.Rac1 a6 17.Qc3 Be7 18.Qd4 Bd8 19.Qb4 Qa7 20.Bd4 Bb6 21.e3 Bxd4 22.exd4 axb5
23.axb5 Qb6 24.Rc5 Bd7 25.Rfc1 Ra5 26.Bf1 Qd8 27.Qb3 b6 28.Rc7 f4 29.Qb4 fxg3
30.hxg3 Qg5 31.Qb2 Be8 32.Rc8 h5 33.R1c3 h4 34.Ra3 Rxa3 35.Qxa3 Qh5 36.Qe3
hxg3 37.Qxg3 Rf5 38.f4 Kf8 39.Kg2 g5 40.Bd3 Rxf4 {#R} 0-1

[Event "It (open)"]
[Site "masterchessopen.com - Bad Wiessee (Germany)"]
[Round "9"]
[White "Poetsch Klaus (GER)"]
[Black "Schwarz Hans (GER)"]
[Result "1-0"]
[WhiteElo "2252"]
[BlackElo "1993"]

1.d4 e6 2.c4 f5 3.Nf3 Nf6 4.g3 Be7 5.Bg2 O-O 6.O-O Ne4 7.Nfd2 Nxd2 8.Bxd2 d6
9.e4 Nc6 10.Be3 e5 11.d5 Na5 12.Qd3 c5 13.f4 Bf6 14.Nc3 g6 15.Rab1 b6 16.Kh1
Bd7 17.a3 Qe7 18.b4 cxb4 19.axb4 exf4 20.Bd4 Nb7 21.gxf4 Rae8 22.c5 Bxd4
23.Qxd4 bxc5 24.bxc5 Nxc5 25.e5 Bc8 26.Nb5 Nb7 27.e6 Nc5 28.Rfc1 Rd8 29.Nxd6
Nxe6 30.Nxc8 Qd7 31.Qe5 Nxf4 32.Rc7 Nd3 33.Rxd7 Nxe5 34.Rxd8 Rxd8 35.Nxa7 f4
36.Nc6 Re8 37.Re1 f3 38.Bxf3 {#r} 1-0

[Event "Ch England (team) 1997/98"]
[Site "masterchessopen.com - Birmingham (England)"]
[Round "5"]
[White "Norman Kenneth I (ENG)"]
[Black "Rogers Jonathan (ENG)"]
[Result "0-1"]
[WhiteElo "2160"]
[BlackElo "2355"]

1.Nf3 e6 2.g3 f5 3.Bg2 Nf6 4.O-O Be7 5.c4 O-O 6.d4 Ne4 7.d5 d6 8.Nbd2 Nxd2
9.Bxd2 e5 10.b4 Nd7 11.Bc3 Qe8 12.Rc1 Nf6 13.Qb3 Ne4 14.c5 Nxc3 15.Rxc3 Kh8
16.cxd6 Bxd6 17.Nd2 Rf7 18.Nc4 Bd7 19.Nxd6 cxd6 20.Rfc1 f4 21.Rc7 Bg4 22.Bf3
Bh3 23.Qc2 Rxc7 {#R} 0-1

[Event "It (open)"]
[Site "masterchessopen.com - Bad Wiessee (Germany)"]
[Round "8"]
[White "Ketzscher Roland (GER)"]
[Black "Schwarz Hans (GER)"]
[Result "1-0"]
[WhiteElo "2220"]
[BlackElo "1993"]

1.d4 e6 2.c4 f5 3.Nf3 Nf6 4.g3 Be7 5.Bg2 O-O 6.O-O Ne4 7.Nbd2 Nxd2 8.Bxd2 d6
9.Re1 Nc6 10.e4 Bf6 11.Bc3 a5 12.Qd2 fxe4 13.Rxe4 d5 14.cxd5 exd5 15.Ree1 Kh8
16.h3 Bf5 17.Rad1 b6 18.Ne5 Qd6 19.Rc1 Rad8 20.Nxc6 Qxc6 21.Bb4 Qd7 22.Bxf8
Rxf8 23.Kh2 h6 24.Re3 Qd6 25.Rce1 Bd7 26.a3 Bg5 27.f4 Bf6 28.Qd3 Qc6 29.Bf1
Qa4 30.Qg6 Bb5 31.b3 {#r} 1-0

[Event "Czech League (2nd)"]
[Site "masterchessopen.com - Czech Republic"]
[Round "0"]
[White "Horak Josef (CZE)"]
[Black "Kupsovsky Vaclav (CZE)"]
[Result "1-0"]
[WhiteElo "2340"]
[BlackElo "2111"]

1.Nf3 e6 2.d4 f5 3.g3 Nf6 4.Bg2 Be7 5.O-O O-O 6.c4 Ne4 7.d5 Bf6 8.Qc2 Na6
9.Nc3 Nxc3 10.bxc3 c5 11.Rb1 Qa5 12.Bd2 Nc7 13.Ng5 h6 14.Nh3 Qa6 15.Qd3 exd5
16.cxd5 Qxd3 17.exd3 d6 18.Nf4 b6 19.Rfe1 Ba6 20.c4 b5 21.cxb5 Bxb5 22.Ba5
Bxd3 23.Nxd3 Na6 24.Nf4 Rac8 25.Bh3 Bd4 26.Re7 c4 27.Ne6 {#r} 1-0

[Event "Ch England (team) 1999/00"]
[Site "masterchessopen.com - England"]
[Round "3"]
[White "Parker Jonathan (ENG)"]
[Black "Pert Nicholas (ENG)"]
[Result "0-1"]
[WhiteElo "2523"]
[BlackElo "2425"]

1.d4 e6 2.c4 f5 3.g3 Nf6 4.Bg2 Be7 5.Nf3 O-O 6.O-O Ne4 7.d5 Bf6 8.Nfd2 Nxd2
9.Qxd2 Qe7 10.Nc3 Bxc3 11.Qxc3 e5 12.b3 d6 13.c5 b6 14.c6 a5 15.a3 f4 16.Bb2
Na6 17.b4 Bg4 18.Rae1 Rae8 19.Qc4 Bc8 20.Bc1 Qg5 21.f3 Rf6 22.Rf2 Rh6 23.g4
Qh4 24.h3 Qg3 25.e3 axb4 26.axb4 Rxh3 27.b5 Nc5 28.exf4 Rh2 29.Ree2 e4 30.f5
Kf7 31.fxe4 Nd3 32.Qc3 Rh1+ {#R} 0-1

[Event "Ch Norway"]
[Site "masterchessopen.com - Gausdal (Norway)"]
[Round "9"]
[White "Nordahl Helge (NOR)"]
[Black "Ostenstad Berge (NOR)"]
[Result "0-1"]
[WhiteElo "2256"]
[BlackElo "2446"]

1.d4 e6 2.c4 f5 3.g3 Nf6 4.Bg2 Be7 5.Nf3 O-O 6.O-O Ne4 7.b3 Bf6 8.Bb2 c5 9.e3
Nc6 10.Ne5 d5 11.f3 Ng5 12.Nxc6 bxc6 13.Qc2 cxd4 14.exd4 f4 15.Nd2 Qb6 16.c5
Qc7 17.Kh1 Ba6 18.g4 Bxf1 19.Bxf1 Nf7 20.Bd3 h6 21.Re1 e5 22.b4 Rae8 23.Nb3
Ng5 24.Bg6 Re7 25.Kg2 e4 26.fxe4 f3+ 27.Kh1 dxe4 28.h4 Qg3 29.Qc4+ Kh8 30.Rg1
Qh3# 0-1

[Event "Verbandsliga North 1998/99"]
[Site "masterchessopen.com - Germany"]
[Round "6"]
[White "Haas Stefan (GER)"]
[Black "Sauer Frank (GER)"]
[Result "1-0"]
[WhiteElo "2240"]
[BlackElo "2084"]

1.d4 e6 2.Nf3 f5 3.g3 Nf6 4.Bg2 Be7 5.O-O O-O 6.c4 Ne4 7.Qc2 Nc6 8.d5 Nb4
9.Qb3 Na6 10.dxe6 dxe6 11.Rd1 Qe8 12.Nc3 Nac5 13.Qc2 Nxc3 14.Qxc3 Bf6 15.Qc2
Qe7 16.Rb1 a5 17.b3 e5 18.Ba3 Be6 19.Nd2 e4 20.f3 Bd4+ 21.Kh1 e3 22.Nf1 Rad8
23.f4 b6 24.Bb2 Bxb2 25.Qxb2 Ne4 26.Bxe4 fxe4 27.Nxe3 Bc8 28.Rxd8 Rxd8 29.Rd1
Rxd1+ 30.Nxd1 e3 31.Qd4 Qb4 32.Qc3 Bb7+ 33.Kg1 Qd6 34.Nxe3 Qc6 35.Nd5 Qc5+
36.Qe3 Qf8 37.Nxc7 {#r} 1-0

[Event "It (open)"]
[Site "masterchessopen.com - Lenk (Switzerland)"]
[Round "3"]
[White "Tukmakov Vladimir B (UKR)"]
[Black "Gerber Richard (SUI)"]
[Result "1-0"]
[WhiteElo "2557"]
[BlackElo "2386"]

1.Nf3 e6 2.c4 f5 3.g3 Nf6 4.Bg2 Be7 5.O-O O-O 6.d4 Ne4 7.Nc3 Nxc3 8.bxc3 d6
9.Re1 Nc6 10.e4 e5 11.exf5 Bxf5 12.dxe5 dxe5 13.Qd5+ Rf7 14.Nxe5 Nxe5 15.Qxe5
c6 16.Bf4 Qd3 17.Bf1 Qc2 18.Re2 Qa4 19.Rd2 Bg4 20.Bg5 Ba3 21.c5 Rf5 22.Qe6+
Kh8 23.Rd4 Qc2 24.Be3 Bf3 25.Bd3 Qxc3 26.Qxf5 Qxa1+ 27.Bb1 g6 28.Qxf3 Qxb1+
29.Rd1 {#r} 1-0

[Event "It (open)"]
[Site "masterchessopen.com - Pardubice (Czech Republic)"]
[Round "7"]
[White "Rogozenko Dorian (ROM)"]
[Black "Haub Thorsten-Michael (GER)"]
[Result "1-0"]
[WhiteElo "2576"]
[BlackElo "2364"]

1.d4 e6 2.c4 f5 3.g3 Nf6 4.Bg2 Be7 5.Nf3 O-O 6.O-O Ne4 7.d5 Bf6 8.Qc2 Na6 9.a3
d6 10.dxe6 Nac5 11.Be3 Nxe6 12.Rd1 Bd7 13.Nbd2 Qe8 14.Nxe4 fxe4 15.Nd4 Nc5
16.b3 Qh5 17.Rab1 a6 18.Qd2 Rae8 19.Nc2 Kh8 20.Nb4 c6 21.Qxd6 Be7 22.Qd2 Bg4
23.Re1 Rd8 24.Qc2 a5 25.Na2 Ne6 26.Nc3 Bxa3 27.Bxe4 Ng5 28.Bxg5 Qxg5 29.e3 Bb4
30.Rbc1 Rd6 31.Bg2 Qh5 32.Qb2 Rh6 33.h4 Kg8 34.f4 Rd8 35.Kh2 g5 36.fxg5 Qxg5
37.Ne4 Rxh4+ 38.Kg1 Bxe1 39.Nxg5 Bxg3 40.Nf3 {#r} 1-0

[Event "It (open)"]
[Site "masterchessopen.com - Cannes (France)"]
[Round "1"]
[White "Kinsman Andrew P H (ENG)"]
[Black "Ferrigno Jean-Pierre (FRA)"]
[Result "0-1"]
[WhiteElo "2417"]
[BlackElo "2144"]

1.d4 e6 2.Nf3 f5 3.g3 Nf6 4.Bg2 Be7 5.O-O O-O 6.c4 Ne4 7.b3 Bf6 8.Bb2 c5 9.e3
Nc6 10.Nc3 d5 11.cxd5 exd5 12.Na4 b6 13.dxc5 Bxb2 14.Nxb2 bxc5 15.Nd3 Ba6
16.Re1 Bxd3 17.Qxd3 Nb4 18.Qe2 Qf6 19.Rec1 Rad8 20.a3 Nc6 21.Qc2 Kh8 22.Ra2 d4
23.exd4 Nxd4 24.Nxd4 cxd4 25.Bxe4 fxe4 26.Qxe4 d3 27.Rd2 Rfe8 28.Qc4 Qf3
29.Qc7 h5 30.h4 Rd5 31.Qxa7 Rde5 32.Kh2 Re1 {#R} 0-1

[Event "It (open)"]
[Site "masterchessopen.com - Cannes (France)"]
[Round "3"]
[White "Kljako Damir (CRO)"]
[Black "Ferrigno Jean-Pierre (FRA)"]
[Result "1-0"]
[WhiteElo "2258"]
[BlackElo "2144"]

1.d4 e6 2.Nf3 f5 3.g3 Nf6 4.Bg2 Be7 5.O-O O-O 6.c4 Ne4 7.b3 Bf6 8.Bb2 c5 9.e3
Nc6 10.Qe2 b6 11.Ne5 Bb7 12.f3 Ng5 13.h4 Nf7 14.f4 Rc8 15.Rd1 d5 16.cxd5 exd5
17.Nxf7 Rxf7 18.dxc5 Nb4 19.a3 Ba6 20.Qd2 Bxb2 21.Qxb2 Nd3 22.Qd4 bxc5 23.Qxd5
Qf6 24.Ra2 Rd8 25.Qf3 Rfd7 26.Rad2 Qe6 27.e4 Qxb3 28.e5 c4 29.Qc6 Bc8 30.Kh2
Qb6 31.Qxc4+ Kf8 32.Rxd3 Ba6 33.Rxd7 Rxd7 34.Qc2 Rxd1 35.Qxd1 Qf2 36.Qd6+ {#r}
1-0

[Event "It (open)"]
[Site "masterchessopen.com - Cseppko (Hungary)"]
[Round "0"]
[White "Horvath Peter_ (HUN)"]
[Black "Chetverik Maxim (RUS)"]
[Result "1-0"]
[WhiteElo "2450"]
[BlackElo "2315"]

1.c4 e6 2.d4 f5 3.Nf3 Nf6 4.g3 Be7 5.Bg2 O-O 6.O-O Ne4 7.b3 Bf6 8.Bb2 Nc6
9.Ne5 d5 10.Nxc6 bxc6 11.Qc2 Bd7 12.Nd2 Nxd2 13.Qxd2 g5 14.b4 Rb8 15.b5 Rb6
16.Ba3 Be7 17.Bc5 Rb7 18.a4 f4 19.Qa5 g4 20.Bxe7 Qxe7 21.bxc6 Bxc6 22.cxd5 Qg5
23.gxf4 Rxf4 24.dxc6 Qxa5 25.cxb7 Rf8 26.Rab1 Rb8 27.Rfc1 Qf5 28.Rb5 Qf4 29.e3
Qd6 30.Rbc5 Kf7 31.Rxc7+ Kf6 32.Rc8 Qa3 33.R1c7 Rxb7 34.Rxb7 Qxa4 35.Rxh7 Qd1+
36.Bf1 Kf5 37.Rxa7 e5 38.Rf8+ Ke4 39.Rfa8 {#r} 1-0

[Event "It (open)"]
[Site "masterchessopen.com - Deizisau (Germany)"]
[Round "7"]
[White "Gustafsson Jan (GER)"]
[Black "Haub Thorsten-Michael (GER)"]
[Result "1-0"]
[WhiteElo "2506"]
[BlackElo "2370"]

1.d4 e6 2.c4 f5 3.g3 Nf6 4.Bg2 Be7 5.Nf3 O-O 6.O-O Ne4 7.b3 Bf6 8.Bb2 d5
9.Nbd2 c5 10.cxd5 exd5 11.Qc2 cxd4 12.Nxd4 Qb6 13.e3 Nc6 14.N2f3 Re8 15.Nxc6
bxc6 16.Bxf6 Nxf6 17.Nd4 c5 18.Nxf5 Ne4 19.Nh4 Qf6 20.Rac1 g5 21.Nf3 Ba6
22.Rfd1 Rad8 23.Ne1 Qf5 24.f3 Nd6 25.Qxc5 Nf7 26.Qxa7 Qe6 27.Qd4 Qxe3+ 28.Qxe3
Rxe3 29.Nc2 Re2 30.Bf1 Ne5 31.Bxe2 Bxe2 32.Nd4 Bxd1 33.Rxd1 Rc8 34.Kf2 Rc3
35.Ke2 h5 36.a4 g4 37.fxg4 Nxg4 38.Rd3 Rc1 39.Rd1 Rc3 40.a5 {#r} 1-0

[Event "It (open)"]
[Site "masterchessopen.com - Bad Woerishofen (Germany)"]
[Round "2"]
[White "Horvath Peter_ (HUN)"]
[Black "Seifert Dierk Dr (GER)"]
[Result "1-0"]
[WhiteElo "2450"]
[BlackElo "2139"]

1.d4 e6 2.c4 f5 3.Nf3 Nf6 4.g3 Be7 5.Bg2 O-O 6.O-O Ne4 7.Qc2 Bf6 8.Nbd2 Nxd2
9.Bxd2 Nc6 10.d5 Nd4 11.Nxd4 Bxd4 12.dxe6 dxe6 13.Bb4 c5 14.Rad1 Qc7 15.Rxd4
cxd4 16.Bxf8 Kxf8 17.Qd3 e5 18.Bd5 g6 19.f4 Bd7 20.fxe5 Qxe5 21.Bxb7 Rb8
22.Bf3 Kg7 23.b3 f4 24.Qe4 Qxe4 25.Bxe4 fxg3 26.hxg3 Be6 27.Rd1 Rd8 28.e3 {#r}
1-0

[Event "Czech League 2000/01 (2nd) (b)"]
[Site "masterchessopen.com - Czech Republic"]
[Round "0"]
[White "Tichonov Jiri (UKR)"]
[Black "Kupsovsky Vaclav (CZE)"]
[Result "1-0"]
[WhiteElo "2180"]
[BlackElo "2108"]

1.c4 e6 2.d4 f5 3.g3 Nf6 4.Bg2 Be7 5.Nf3 O-O 6.O-O Ne4 7.b3 Bf6 8.Bb2 c5 9.Qc1
d6 10.Rd1 Qe7 11.Nc3 Nxc3 12.Bxc3 Nc6 13.Qb2 e5 14.dxc5 dxc5 15.Ne1 e4 16.Bxf6
Rxf6 17.Nc2 f4 18.gxf4 Rxf4 19.Ne3 Rh4 20.Nf1 Bg4 21.Ng3 Nd4 22.Rxd4 cxd4
23.Qxd4 Qf6 24.Qxf6 gxf6 25.Bxe4 Rb8 26.Rd1 Kf8 27.Rd4 Be6 28.e3 Ke7 29.f4 b6
30.Bf5 Rg8 31.Bxe6 Kxe6 32.f5+ {#r} 1-0